[Event "Rusia tch 2005 femenino"]
[Site "Dagomys RUS"]
[Date "2005.04.25"]
[Round "7.3"]
[White "Shumiakina, Tatiana"]
[Black "Zakurdjaeva, Irina"]
[Result "1/2-1/2"]
[WhiteElo "2316"]
[BlackElo "2260"]
[PlyCount "117"]
[EventDate "2005.04.18"]
[EventType "team"]
[EventRounds "10"]
[EventCountry "RUS"]
[Source "lmi"]
[SourceDate "2005.04.30"]

1. d4 c5 2. d5 Nf6 3. Nc3 d6 4. e4 g6 5. Nf3 Bg7 6. Be2 O-O 7. O-O e6 8. h3
exd5 9. exd5 Re8 10. Nd2 Na6 11. Nc4 Ne4 12. Nxe4 Rxe4 13. c3 Nc7 14. a4 Nxd5
15. Qxd5 Rxe2 16. Ne3 Qb6 17. Qd3 Rxe3 18. Bxe3 Bf5 19. Qd2 Qc6 20. Rfd1 Rd8
21. Qd5 Qc8 22. Bg5 Rd7 23. Re1 h6 24. Bf4 Kh7 25. Rad1 Qd8 26. Rd2 Qf6 27. Qf3
Qd8 28. Red1 Bf8 29. c4 Be6 30. b3 Bg7 31. Rxd6 Rxd6 32. Bxd6 Qb6 33. Bf4 Bf5
34. Kh2 Bd4 35. Be3 Be5+ 36. Kg1 Qxb3 37. Bxc5 Qxc4 38. Qd5 Qc2 39. Re1 Bg7 40.
Bxa7 Qxa4 41. Qxb7 Qa5 42. Rc1 Bxh3 43. Be3 Be6 44. Qc7 Qh5 45. Bf4 Qe2 46. Be3
Qg4 47. Qf4 Qh5 48. Bd4 Qg4 49. Qxg4 Bxg4 50. Bxg7 Kxg7 51. Rc6 Be6 52. Rb6 g5
53. f3 h5 54. Kf2 h4 55. Ke3 Bf5 56. Ra6 f6 57. Ra7+ Kg6 58. Ra8 Be6 59. Ra6
1/2-1/2

[Event "Rusia tch 2005 femenino"]
[Site "Dagomys RUS"]
[Date "2005.04.25"]
[Round "7.4"]
[White "Slavina, Irina"]
[Black "Galliamova, Alisa"]
[Result "1-0"]
[WhiteElo "2415"]
[BlackElo "2469"]
[PlyCount "93"]
[EventDate "2005.04.18"]
[EventType "team"]
[EventRounds "10"]
[EventCountry "RUS"]
[Source "lmi"]
[SourceDate "2005.04.30"]

1. d4 d5 2. c4 c6 3. Nf3 Nf6 4. e3 g6 5. Nc3 Bg7 6. Bd3 O-O 7. O-O e6 8. e4
dxe4 9. Nxe4 Nxe4 10. Bxe4 Nd7 11. Bf4 Qe7 12. Re1 Rd8 13. Qe2 c5 14. Bg5 f6
15. Be3 cxd4 16. Bxd4 Nc5 17. Bd5 Re8 18. b4 Na6 19. a3 Kh8 20. Qe3 Qf8 21. Be4
e5 22. Bc3 Nc7 23. Rad1 Bh6 24. Qe2 Rb8 25. c5 Bg7 26. h3 Ne6 27. Qd2 Rd8 28.
Qb2 Rxd1 29. Rxd1 Nf4 30. Rd6 Be6 31. Kh2 Qe7 32. Qd2 g5 33. b5 Rg8 34. g3 Nxh3
35. Rxe6 Qxe6 36. Bd5 Qc8 37. Bxg8 Kxg8 38. Qd5+ Kh8 39. c6 bxc6 40. Qxc6 Qf8
41. Bb4 Qd8 42. Kxh3 h6 43. Kg2 h5 44. a4 Kh7 45. Qe4+ Kh6 46. a5 Qb8 47. Nh4
1-0

[Event "Rusia tch 2005 femenino"]
[Site "Dagomys RUS"]
[Date "2005.04.25"]
[Round "7.5"]
[White "Molchanova, Tatjana"]
[Black "Vasilevich, Irina"]
[Result "0-1"]
[WhiteElo "2315"]
[BlackElo "2347"]
[PlyCount "142"]
[EventDate "2005.04.18"]
[EventType "team"]
[EventRounds "10"]
[EventCountry "RUS"]
[Source "lmi"]
[SourceDate "2005.04.30"]

1. e4 c5 2. Nf3 e6 3. d3 Nc6 4. g3 d6 5. Bg2 g6 6. O-O Bg7 7. c3 e5 8. Be3 Nge7
9. d4 exd4 10. cxd4 Bg4 11. dxc5 dxc5 12. Qc1 Bxf3 13. Bxf3 Nd4 14. Bd1 O-O 15.
Qxc5 Rc8 16. Qa3 Nec6 17. Nc3 Re8 18. Bxd4 Bxd4 19. Bf3 Ne5 20. Nd5 Rc2 21.
Rad1 Bxb2 22. Qb3 Nxf3+ 23. Qxf3 Qc8 24. Rfe1 Be5 25. a3 Kg7 26. Re3 Qe6 27.
Rb3 b6 28. Rbd3 Bb2 29. R3d2 Rxd2 30. Rxd2 Be5 31. Kg2 Rc8 32. Qd3 Rc1 33. Rd1
Rxd1 34. Qxd1 Qc6 35. Qd3 b5 36. Ne3 Bb2 37. f3 a6 38. Nd1 Bf6 39. Ne3 Bb2 40.
Nd1 Bf6 41. Ne3 Qc3 42. Qxc3 Bxc3 43. Kf1 a5 44. Ke2 Bd4 45. Kd3 Bc5 46. Nc2
Kf6 47. Nd4 Bxa3 48. Nxb5 Bc5 49. Nc3 h5 50. Ne2 a4 51. Kc4 a3 52. Kb3 Ke5 53.
Ka2 g5 54. f4+ Kxe4 55. fxg5 Bd6 56. Nc3+ Kf3 57. Nb5 Bc5 58. Nc7 Kg4 59. Nd5
Kxg5 60. Nf4 Kg4 61. Nd5 h4 62. gxh4 Kxh4 63. Nf6 Kh3 64. Ne4 Be7 65. Nf2+ Kh4
66. Ne4 f5 67. Ng3 Kg4 68. Ne2 Kh3 69. Nd4 f4 70. Ne2 f3 71. Ng1+ Kg2 0-1

[Event "Rusia tch 2005 femenino"]
[Site "Dagomys RUS"]
[Date "2005.04.26"]
[Round "8.1"]
[White "Vasilevich, Irina"]
[Black "Slavina, Irina"]
[Result "1/2-1/2"]
[WhiteElo "2347"]
[BlackElo "2415"]
[PlyCount "44"]
[EventDate "2005.04.18"]
[EventType "team"]
[EventRounds "10"]
[EventCountry "RUS"]
[Source "lmi"]
[SourceDate "2005.04.30"]

1. c4 e5 2. Nc3 Nc6 3. e3 f5 4. d4 e4 5. a3 Nf6 6. Nge2 d6 7. b4 Be7 8. Bb2 O-O
9. Nf4 a5 10. b5 Nb8 11. Qb3 c6 12. Na4 Kh8 13. h4 d5 14. cxd5 Nxd5 15. Nxd5
cxd5 16. Rc1 Qd6 17. Qc3 Nd7 18. g3 Nb6 19. Nc5 a4 20. Qc2 Ra7 21. Bc3 Qb8 22.
Be2 Bd6 1/2-1/2

[Event "Rusia tch 2005 femenino"]
[Site "Dagomys RUS"]
[Date "2005.04.26"]
[Round "8.2"]
[White "Sudakova, Irina"]
[Black "Pogonina, Natalija"]
[Result "1/2-1/2"]
[WhiteElo "2387"]
[BlackElo "2355"]
[PlyCount "49"]
[EventDate "2005.04.18"]
[EventType "team"]
[EventRounds "10"]
[EventCountry "RUS"]
[Source "lmi"]
[SourceDate "2005.04.30"]

1. e4 c5 2. Ne2 d6 3. g3 g6 4. Bg2 Bg7 5. c3 Nf6 6. d4 cxd4 7. cxd4 O-O 8. O-O
Nc6 9. Nbc3 e5 10. h3 exd4 11. Nxd4 Nxe4 12. Nxc6 Nxc3 13. Nxd8 Nxd1 14. Nxb7
Bxb7 15. Bxb7 Rab8 16. Rxd1 Rxb7 17. Rxd6 Bxb2 18. Rb1 Rfb8 19. Bh6 f5 20. Be3
a5 21. Ra6 Bc3 22. Rxb7 Rxb7 23. Bb6 a4 24. Kg2 Bb2 25. a3 1/2-1/2

[Event "Rusia tch 2005 femenino"]
[Site "Dagomys RUS"]
[Date "2005.04.26"]
[Round "8.4"]
[White "Zhukova, Natalia"]
[Black "Semenova, Irina"]
[Result "1-0"]
[WhiteElo "2479"]
[BlackElo "2292"]
[PlyCount "101"]
[EventDate "2005.04.18"]
[EventType "team"]
[EventRounds "10"]
[EventCountry "RUS"]
[Source "lmi"]
[SourceDate "2005.04.30"]

1. d4 Nf6 2. c4 g6 3. Nc3 Bg7 4. e4 d6 5. f3 O-O 6. Bg5 h6 7. Be3 e5 8. d5 Nh5
9. Nge2 f5 10. exf5 gxf5 11. Qd2 Qh4+ 12. Bf2 Qf6 13. g3 a6 14. f4 Nd7 15. Bg2
Qg6 16. O-O Kh8 17. Kh1 Ndf6 18. fxe5 dxe5 19. c5 Ng4 20. Bg1 Bd7 21. h3 Ngf6
22. c6 bxc6 23. dxc6 Be6 24. Rad1 e4 25. Bh2 Bc4 26. Qe3 Bd3 27. Rxd3 exd3 28.
Qxd3 Ne4 29. g4 fxg4 30. Rxf8+ Rxf8 31. Qxe4 Qxe4 32. Nxe4 gxh3 33. Bxh3 Bxb2
34. Bxc7 Nf6 35. Nxf6 Rxf6 36. Bd7 Rf2 37. Ng3 Bd4 38. a4 Rc2 39. Nf5 Bf6 40.
Bf4 Bd8 41. Nd6 Bb6 42. Be5+ Kg8 43. Nc4 Bd8 44. Be6+ Kf8 45. c7 Bxc7 46. Bxc7
Ke7 47. Bd5 h5 48. a5 h4 49. Bb6 h3 50. Ne3 Rb2 51. Bb7 1-0

[Event "Rusia tch 2005 femenino"]
[Site "Dagomys RUS"]
[Date "2005.04.27"]
[Round "9.1"]
[White "Kovalevskaya, Ekaterina"]
[Black "Vasilevich, Irina"]
[Result "1-0"]
[WhiteElo "2469"]
[BlackElo "2347"]
[PlyCount "101"]
[EventDate "2005.04.18"]
[EventType "team"]
[EventRounds "10"]
[EventCountry "RUS"]
[Source "lmi"]
[SourceDate "2005.04.30"]

1. e4 c5 2. Nc3 Nc6 3. g3 g6 4. Bg2 Bg7 5. d3 d6 6. Be3 e6 7. Qd2 Nge7 8. Bh6
O-O 9. Bxg7 Kxg7 10. Nge2 e5 11. O-O Be6 12. f4 f6 13. Nd5 Nd4 14. Ne3 Qb6 15.
c3 Nxe2+ 16. Qxe2 Rae8 17. f5 Bd7 18. Rf2 g5 19. Bf3 Rc8 20. Kg2 Qa6 21. Bh5
Bb5 22. c4 Bd7 23. h4 h6 24. b3 b5 25. Rh1 Qb7 26. Bg6 Rh8 27. Qh5 bxc4 28.
bxc4 Bc6 29. Kf3 Ba4 30. Rfh2 g4+ 31. Qxg4 Kf8 32. Qh3 Nc6 33. Rf2 Nd4+ 34. Kg2
Bc6 35. Kh2 Rb8 36. h5 Qe7 37. g4 Kg7 38. Kg3 Rb6 39. g5 hxg5 40. h6+ Kf8 41.
Ng4 Ba4 42. Rc1 Qd8 43. Qh2 Ke7 44. h7 Qf8 45. Rb2 Qg7 46. Rcb1 Rxb2 47. Rxb2
Bc6 48. Qh6 Qxh6 49. Nxh6 Ba8 50. Ng8+ Kd7 51. Rb8 1-0

[Event "Rusia tch 2005 femenino"]
[Site "Dagomys RUS"]
[Date "2005.04.27"]
[Round "9.4"]
[White "Kirillova, Varvara"]
[Black "Stefanova, Antoaneta"]
[Result "0-1"]
[WhiteElo "2240"]
[BlackElo "2495"]
[PlyCount "46"]
[EventDate "2005.04.18"]
[EventType "team"]
[EventRounds "10"]
[EventCountry "RUS"]
[Source "lmi"]
[SourceDate "2005.04.30"]

1. e4 e5 2. Nf3 Nc6 3. Bc4 Bc5 4. c3 Nf6 5. d3 a6 6. Bb3 Ba7 7. O-O d6 8. Nbd2
O-O 9. h3 Be6 10. Nc4 h6 11. Ne3 Re8 12. Re1 d5 13. exd5 Nxd5 14. Nc4 f6 15.
Bc2 Qd7 16. d4 Nxc3 17. Qd3 e4 18. Qxc3 exf3 19. Rxe6 Rxe6 20. Be3 Nxd4 21.
Bxd4 Qxd4 22. Qxf3 Rae8 23. Rd1 Qxf2+ 0-1

[Event "Rusia tch 2005 femenino"]
[Site "Dagomys RUS"]
[Date "2005.04.28"]
[Round "10.4"]
[White "Chernova, Anastasia"]
[Black "Kovalevskaya, Ekaterina"]
[Result "0-1"]
[WhiteElo "2081"]
[BlackElo "2469"]
[PlyCount "90"]
[EventDate "2005.04.18"]
[EventType "team"]
[EventRounds "10"]
[EventCountry "RUS"]
[Source "lmi"]
[SourceDate "2005.04.30"]

1. c4 e5 2. Nc3 d6 3. g3 g6 4. Bg2 Bg7 5. d3 Ne7 6. e3 O-O 7. Nge2 c6 8. O-O
Be6 9. Rb1 d5 10. cxd5 Nxd5 11. a3 Na6 12. b4 Nxc3 13. Nxc3 Qd7 14. Qc2 Rfd8
15. Rd1 Rac8 16. Bb2 c5 17. b5 Nb4 18. axb4 cxb4 19. Qd2 bxc3 20. Bxc3 Bg4 21.
f3 Bf5 22. Bf1 Qd5 23. Kg2 Bh6 24. Bb4 Bd7 25. Ba3 Qe6 26. Qe2 Qb6 27. d4 exd4
28. Rxd4 Bf5 29. Rxd8+ Rxd8 30. Rb3 Qe6 31. Rc3 Bg7 32. Rc7 Bd3 33. Qf2 Bxf1+
34. Kxf1 Qb6 35. Rc1 Qxb5+ 36. Kg1 Qb3 37. Bc5 b6 38. Be7 Re8 39. Bd6 h6 40. e4
Qd3 41. e5 Bxe5 42. Bxe5 Rxe5 43. Qb2 Qe3+ 44. Kg2 Qe2+ 45. Qxe2 Rxe2+ 0-1